[Event "46th Rilton Cup 2016-17"]
[Site "Stockholm SWE"]
[Date "2017.01.03"]
[Round "7.39"]
[White "Emmoth, Alfons"]
[Black "Babikov, Ivan"]
[Result "0-1"]
[BlackTitle "FM"]
[WhiteElo "2041"]
[BlackElo "2259"]
[WhiteFideId "1718266"]
[BlackFideId "4161106"]
[EventDate "2016.12.27"]

1. d4 d5 2. c4 e5 3. dxe5 d4 4. Nf3 Nc6 5. g3 f6 6. exf6 Nxf6 7. Bg2 Bc5 8. O-O
O-O 9. Nbd2 a5 10. Nb3 Ba7 11. c5 Bg4 12. Nbxd4 Nxd4 13. Qxd4 Qxd4 14. Nxd4 Bxc5
15. Nb3 Bb6 16. e3 c6 17. h3 Be2 18. Re1 Bc4 19. Nd2 Be6 20. Nf1 Nd5 21. a3 g5
22. f3 Ne7 23. Kh2 Ng6 24. f4 Rad8 25. Be4 Bc4 26. Kg2 Rfe8 27. Bxg6 hxg6 28. e4
Rd4 29. e5 Bd5+ 30. Kh2 Rc4 31. Bd2 Rc2 32. b4 Bd4 33. Rec1 Rb2 34. Rab1 Ra2 35.
bxa5 Re7 36. h4 gxf4 37. gxf4 Rh7 38. Kg3 Rxa3+ 39. Kg4 Rh5 40. f5 Bf3+ 41. Kg3
Be4+ 42. Kf4 Rxh4+ 43. Kg5 Rh5+ 44. Kf6 Rxf5+ 0-1

[Event "46th Rilton Cup 2016-17"]
[Site "Stockholm SWE"]
[Date "2017.01.03"]
[Round "7.40"]
[White "Betaneli, Alexander"]
[Black "Johansson, Gunnar"]
[Result "1/2-1/2"]
[WhiteTitle "FM"]
[WhiteElo "2252"]
[BlackElo "2210"]
[WhiteFideId "2012359"]
[BlackFideId "1703501"]
[EventDate "2016.12.27"]

1. d4 d5 2. c4 e6 3. Nc3 c6 4. cxd5 exd5 5. Bf4 Bd6 6. Bg3 Ne7 7. e3 Bf5 8. Nf3
O-O 9. Nh4 Be6 10. Bd3 a5 11. O-O Bxg3 12. hxg3 Nd7 13. Qc2 h6 14. Rae1 Nf6 15.
Nf3 Ne8 16. Ne5 Nd6 17. f4 Qc7 18. g4 Bxg4 19. Nxd5 Nxd5 20. Nxg4 Nb4 21. Qe2
Nxd3 22. Qxd3 f5 23. Ne5 Rad8 24. Rc1 Ne4 25. g4 Qc8 26. Ng6 Rfe8 27. g5 Qe6 28.
Qb3 Qxb3 29. axb3 Kh7 30. Ne5 hxg5 31. fxg5 g6 32. Kg2 Kg7 33. Rh1 Nxg5 34. Rh4
Rh8 35. Rxh8 Rxh8 36. Ra1 Ra8 37. Nc4 Nf7 38. Rxa5 Rxa5 39. Nxa5 Nd6 40. Nc4
Nxc4 41. bxc4 Kf6 42. Kf3 g5 43. b3 Ke6 44. Kg3 Kf6 1/2-1/2

[Event "46th Rilton Cup 2016-17"]
[Site "Stockholm SWE"]
[Date "2017.01.03"]
[Round "7.41"]
[White "Santarius, Erik F"]
[Black "Pranav, Anand"]
[Result "1/2-1/2"]
[WhiteElo "2312"]
[BlackElo "2230"]
[WhiteFideId "2025817"]
[BlackFideId "46626786"]
[EventDate "2016.12.27"]

1. e4 e5 2. Nf3 Nc6 3. Bb5 a6 4. Ba4 Nf6 5. O-O Be7 6. Re1 b5 7. Bb3 d6 8. a4
Bb7 9. c3 O-O 10. d4 exd4 11. cxd4 Na5 12. Bc2 c5 13. Nbd2 Nc6 14. d5 Nb4 15.
Bb1 Nd7 16. Nf1 Bf6 17. Ne3 Nb6 18. a5 Na4 19. Nc4 bxc4 20. Rxa4 Bc8 21. Nd2 Bd7
22. Ra3 Bb5 23. b3 c3 24. Nc4 Bxc4 25. bxc4 Rb8 26. Be3 Qd7 27. g3 Rb7 28. e5
Bxe5 29. Bxc5 Rc8 30. Bxb4 Rxb4 31. Bd3 Qa7 32. Kg2 Rb2 33. Re2 Rcb8 34. Bc2 Qc5
35. Ra4 R2b4 36. Rxb4 Qxb4 37. Qd3 g6 38. h4 Rc8 39. Re4 f5 40. Re1 Qxc4 41. Qd1
Qd4 42. Qf3 Rb8 43. Rd1 Qc4 44. Qe3 Rb2 45. Qg5 Qg4 46. Qd8+ Kg7 47. Rc1 f4 48.
Qe7+ 1/2-1/2

[Event "46th Rilton Cup 2016-17"]
[Site "Stockholm SWE"]
[Date "2017.01.03"]
[Round "7.42"]
[White "Storme, Isak"]
[Black "Furhoff, Johan"]
[Result "1-0"]
[BlackTitle "IM"]
[WhiteElo "2152"]
[BlackElo "2311"]
[WhiteFideId "1728113"]
[BlackFideId "1701797"]
[EventDate "2016.12.27"]

1. e4 e5 2. Nf3 Nc6 3. Bb5 a6 4. Ba4 Nf6 5. O-O b5 6. Bb3 Bb7 7. d3 Bc5 8. Nc3
d6 9. Nd5 Na5 10. Bg5 Bxd5 11. exd5 h6 12. Bxf6 Qxf6 13. d4 exd4 14. Qe1+ 1-0

[Event "46th Rilton Cup 2016-17"]
[Site "Stockholm SWE"]
[Date "2017.01.03"]
[Round "7.43"]
[White "Ask, Josef"]
[Black "Hejazipour, Mitra"]
[Result "0-1"]
[BlackTitle "WGM"]
[WhiteElo "2201"]
[BlackElo "2307"]
[WhiteFideId "1704583"]
[BlackFideId "12505951"]
[EventDate "2016.12.27"]

1. e4 c5 2. d4 cxd4 3. c3 Nf6 4. e5 Nd5 5. Qxd4 e6 6. Nf3 Nc6 7. Qe4 f5 8. Qe2
Bc5 9. b4 Be7 10. b5 Na5 11. Qd3 b6 12. c4 Nc7 13. h4 Nb7 14. Bf4 Nc5 15. Qd4 a6
16. Nbd2 axb5 17. cxb5 Ra4 18. Bc4 Nxb5 19. Qb2 Rxc4 0-1

[Event "46th Rilton Cup 2016-17"]
[Site "Stockholm SWE"]
[Date "2017.01.03"]
[Round "7.44"]
[White "Hallman, Valo"]
[Black "Prithu, Gupta"]
[Result "0-1"]
[WhiteElo "2098"]
[BlackElo "2219"]
[WhiteFideId "508098"]
[BlackFideId "46618546"]
[EventDate "2016.12.27"]

1. d4 Nf6 2. Nf3 e6 3. c4 Bb4+ 4. Bd2 c5 5. e3 O-O 6. Bd3 b6 7. Bxb4 cxb4 8.
Nbd2 Bb7 9. O-O d6 10. Qc2 Nbd7 11. Ng5 h6 12. Nh7 Re8 13. Nxf6+ Nxf6 14. Ne4
Rc8 15. Nxf6+ Qxf6 16. Qd2 a5 17. f3 e5 18. d5 Ba6 19. b3 Rc7 20. Rac1 Rec8 21.
Rc2 Qg5 22. Rfc1 f5 23. Qf2 Qf6 24. e4 fxe4 25. Bxe4 Rc5 26. Qg3 Rf8 27. Qg4 Bc8
28. Qg6 Qxg6 29. Bxg6 Bd7 30. Be4 Rfc8 31. Kf2 a4 32. Rb2 a3 33. Rbc2 g5 34. h3
Kg7 35. Ke3 Kf6 36. Kd2 h5 37. Ke3 h4 38. Kd2 Ke7 39. Ke3 b5 40. cxb5 Bxb5 41.
Bf5 Rxc2 42. Rxc2 Rxc2 43. Bxc2 Kd8 44. Ke4 Bf1 45. Kf5 Bxg2 46. Be4 Bxh3+ 47.
Kxg5 Bf1 48. Kxh4 Be2 49. Kg3 Bd1 50. Bb1 Kc7 51. f4 exf4+ 52. Kxf4 Kb6 53. Ke3
Kc5 54. Kd2 Bf3 55. Bg6 Bxd5 56. Kc2 Kd4 57. Kb1 Be4+ 58. Ka1 d5 59. Bh5 Ke3 60.
Be2 d4 61. Bd1 d3 62. Bc2 d2 63. Bd1 Bf3 64. Bc2 d1=Q+ 65. Bxd1 Bxd1 66. Kb1 Kd2
67. Ka1 Kc3 68. Kb1 Bxb3 69. Ka1 Bxa2 0-1

[Event "46th Rilton Cup 2016-17"]
[Site "Stockholm SWE"]
[Date "2017.01.03"]
[Round "7.45"]
[White "Petersson, Baldur Teodor"]
[Black "Grueso Cordoba, Santiago"]
[Result "0-1"]
[WhiteElo "2074"]
[BlackElo "2171"]
[WhiteFideId "2309157"]
[BlackFideId "1723529"]
[EventDate "2016.12.27"]

1. e4 e5 2. Nf3 Nc6 3. Bc4 Nf6 4. d4 exd4 5. O-O Nxe4 6. Re1 d5 7. Bxd5 Qxd5 8.
Nc3 Qa5 9. Nxe4 Be6 10. Neg5 O-O-O 11. Nxe6 fxe6 12. Rxe6 Be7 13. Qe2 Bf6 14.
Bd2 Qd5 15. Qe4 Qxe4 16. Rxe4 Rd5 17. Rae1 Rc5 18. c3 dxc3 19. bxc3 Bxc3 20. Rc1
Bb4 21. Rxc5 Bxc5 22. Bc3 Rg8 23. Ng5 Rd8 24. Nxh7 Bb4 25. Bxb4 Nxb4 26. g4 Nxa2
27. Ra4 Nc3 28. Rxa7 Rd1+ 29. Kg2 b5 30. Ng5 Rd6 31. Nf7 Rd4 32. Ne5 b4 33. Ra8+
Kb7 34. Rb8+ Kxb8 35. Nc6+ Kb7 36. Nxd4 c5 37. Nb3 Kb6 38. Nd2 Kb5 39. h4 c4 40.
Kf3 Nd5 41. Ke4 Nf6+ 42. Kd4 c3 43. Nb3 Nxg4 44. f4 Ka4 45. Nc5+ Ka3 46. Kd3 b3
47. Ne4 c2 0-1

[Event "46th Rilton Cup 2016-17"]
[Site "Stockholm SWE"]
[Date "2017.01.03"]
[Round "7.46"]
[White "Ryzhkov, Vjacheslav"]
[Black "Cramling Bellon, Anna"]
[Result "1-0"]
[WhiteElo "2148"]
[BlackElo "1970"]
[WhiteFideId "4198484"]
[BlackFideId "32009232"]
[EventDate "2016.12.27"]

1. e4 c5 2. a3 Nc6 3. b4 e5 4. b5 Nd4 5. c3 Ne6 6. Bc4 d6 7. Nf3 Nf6 8. d3 Be7
9. O-O O-O 10. a4 Qc7 11. Na3 b6 12. Ng5 Qd7 13. Qb3 h6 14. Bd5 Rb8 15. Nxe6
fxe6 16. Bc6 Qd8 17. Nc4 Nh5 18. a5 bxa5 19. Nxa5 a6 20. c4 axb5 21. cxb5 Bd7
22. g3 Qc8 23. Bd2 Kh7 24. Bxd7 Qxd7 25. Rfb1 Bg5 26. Bxg5 hxg5 27. b6 Nf6 28.
b7 Ng4 29. Rb2 Qf7 30. Raa2 Qh5 31. f4 gxf4 32. Nc6 fxg3 33. hxg3 Qf7 34. Qd1
Ne3 35. Qe1 Qf3 36. Nxb8 Rxb8 37. Rh2+ Kg6 38. Rhf2 Qxg3+ 39. Rg2 Qxg2+ 40.
Rxg2+ Nxg2 41. Qb1 Nf4 42. Qb6 Nxd3 43. Qc7 Rxb7 44. Qxb7 Kg5 45. Qf7 Kg4 46.
Qxe6+ Kf3 47. Qxd6 Kxe4 48. Qg6+ Kd4 49. Kf1 c4 50. Qg1+ Kc3 51. Ke2 Nf4+ 52.
Kd1 Kb3 53. Qxg7 Nd3 54. Kd2 Kb4 55. Qb7+ Kc5 56. Kc3 1-0

[Event "46th Rilton Cup 2016-17"]
[Site "Stockholm SWE"]
[Date "2017.01.03"]
[Round "7.47"]
[White "Sorensen, Hampus"]
[Black "Lahlum, Hans Olav"]
[Result "1/2-1/2"]
[WhiteElo "2040"]
[BlackElo "2145"]
[WhiteFideId "8703884"]
[BlackFideId "1501348"]
[EventDate "2016.12.27"]

1. d4 d5 2. c4 e6 3. Nc3 c6 4. e3 Nf6 5. Nf3 Nbd7 6. Bd3 dxc4 7. Bxc4 b5 8. Bd3
Bb7 9. O-O a6 10. e4 c5 11. d5 Qc7 12. dxe6 fxe6 13. Qe2 c4 14. Bc2 Bd6 15. Rd1
O-O 16. h3 Rae8 17. Nd4 Be5 18. Nf3 Bd6 19. Nd4 Be5 20. Nf3 Bd6 1/2-1/2

[Event "46th Rilton Cup 2016-17"]
[Site "Stockholm SWE"]
[Date "2017.01.03"]
[Round "7.48"]
[White "Svorono, Gabriel"]
[Black "Crevatin, Leo"]
[Result "1/2-1/2"]
[WhiteElo "2094"]
[BlackElo "1973"]
[WhiteFideId "1715623"]
[BlackFideId "1726307"]
[EventDate "2016.12.27"]

1. e4 c5 2. Nf3 Nc6 3. Nc3 e5 4. Bc4 d6 5. d3 h6 6. O-O a6 7. a4 Bg4 8. h3 Bh5
9. Be3 g5 10. Nd5 Nf6 11. c3 Bg7 12. Re1 Rb8 13. b4 cxb4 14. Nxb4 Nxb4 15. cxb4
O-O 16. g4 Bg6 17. Bb3 Qd7 18. Nh2 d5 19. f3 Rbc8 20. Rc1 Rxc1 21. Bxc1 Rc8 22.
Bb2 d4 23. a5 Bf8 24. Ba3 Rc3 25. Nf1 Bd6 26. Ng3 Qe7 27. Ne2 Rc8 28. Qd2 Kg7
29. Rc1 Rxc1+ 30. Nxc1 Ne8 31. Bc4 Nc7 32. Nb3 Ne6 33. Bxe6 Qxe6 1/2-1/2

[Event "46th Rilton Cup 2016-17"]
[Site "Stockholm SWE"]
[Date "2017.01.04"]
[Round "8.1"]
[White "Sasikiran, Krishnan"]
[Black "Swapnil, S. Dhopade"]
[Result "1-0"]
[WhiteTitle "GM"]
[BlackTitle "GM"]
[WhiteElo "2661"]
[BlackElo "2526"]
[WhiteFideId "5004985"]
[BlackFideId "5019184"]
[EventDate "2016.12.27"]

1. e4 c5 2. Nf3 d6 3. d4 cxd4 4. Nxd4 Nf6 5. Nc3 g6 6. h3 Bg7 7. g4 O-O 8. Bg2
Nc6 9. Be3 Bd7 10. O-O Rc8 11. Nxc6 Bxc6 12. Re1 Nd7 13. Rb1 Qa5 14. Bd2 Qc7 15.
Nd5 Bxd5 16. exd5 Rfe8 17. c3 b5 18. Re4 Nb6 19. Bg5 Qb7 20. Qb3 h6 21. Bf4 g5
22. Bg3 Nc4 23. Rd1 Qb6 24. Bf1 Qc5 25. Bxc4 bxc4 26. Qc2 Bf6 27. Qe2 Rc7 28.
Rd2 Rb8 29. Kg2 Qb5 30. Qf3 Kg7 31. h4 Rc5 32. hxg5 hxg5 33. Re1 Qb7 34. Rh1 Rb5
35. Rdd1 Rh8 36. Rxh8 Kxh8 37. Bxd6 Rxb2 38. Be5 Kg7 39. Bxf6+ exf6 40. d6 Qd7
41. Qf5 Qc6+ 42. Qd5 Qb6 43. Rd4 Rb5 44. Qa8 Rb2 45. d7 Rxf2+ 46. Kxf2 Qb2+ 47.
Kg1 Qb1+ 48. Kh2 Qb2+ 49. Qg2 1-0

[Event "46th Rilton Cup 2016-17"]
[Site "Stockholm SWE"]
[Date "2017.01.04"]
[Round "8.3"]
[White "Volkov, Sergey"]
[Black "Bluebaum, Matthias"]
[Result "1-0"]
[WhiteTitle "GM"]
[BlackTitle "GM"]
[WhiteElo "2624"]
[BlackElo "2640"]
[WhiteFideId "4122763"]
[BlackFideId "24651516"]
[EventDate "2016.12.27"]

1. d4 Nf6 2. c4 e6 3. Nc3 Bb4 4. f3 c5 5. d5 b5 6. e4 O-O 7. Nh3 bxc4 8. Bxc4
Nxd5 9. Bxd5 exd5 10. Qxd5 Ba6 11. Bg5 Qb6 12. Kf2 Bb7 13. Qf5 Na6 14. Rhd1 c4+
15. Kf1 f6 16. Bh4 g6 17. Qb5 Qxb5 18. Nxb5 d5 19. a3 Ba5 20. Nd6 Bc6 21. exd5
Ba4 22. Rd4 Bb6 23. Rxc4 Bb3 24. Rc3 Bxd5 25. Nf4 Nc7 26. Rd1 Ba2 27. Bf2 Ne6
28. Nxe6 Bxe6 29. Bxb6 axb6 30. Rc6 1-0

[Event "46th Rilton Cup 2016-17"]
[Site "Stockholm SWE"]
[Date "2017.01.04"]
[Round "8.4"]
[White "Urkedal, Frode"]
[Black "Goganov, Aleksey"]
[Result "1-0"]
[WhiteTitle "GM"]
[BlackTitle "GM"]
[WhiteElo "2557"]
[BlackElo "2637"]
[WhiteFideId "1506102"]
[BlackFideId "24109959"]
[EventDate "2016.12.27"]

1. d4 d5 2. c4 c6 3. Nf3 Nf6 4. e3 Bg4 5. h3 Bh5 6. Nc3 e6 7. g4 Bg6 8. Ne5 Nbd7
9. Nxg6 hxg6 10. g5 Ng8 11. cxd5 exd5 12. h4 Ne7 13. Qf3 Nc8 14. Bd2 Bb4 15.
O-O-O Nd6 16. Bd3 Nb6 17. h5 gxh5 18. Rxh5 Rxh5 19. Qxh5 Kd7 20. Qg4+ Kc7 21.
Nb5+ Nxb5 22. Bxb4 a5 23. Qf4+ Nd6 24. Bxd6+ Qxd6 25. Qxf7+ Qd7 26. Qxd7+ Nxd7
27. Rh1 Re8 28. Kd2 c5 29. f4 c4 30. Bf5 Nb6 31. Rh7 Re7 32. Bc2 Kd6 33. f5 a4
34. f6 gxf6 35. g6 c3+ 36. Ke2 Re8 37. bxc3 1-0

[Event "46th Rilton Cup 2016-17"]
[Site "Stockholm SWE"]
[Date "2017.01.04"]
[Round "8.5"]
[White "Ivanov, Sergey"]
[Black "Sokolov, Ivan"]
[Result "1/2-1/2"]
[WhiteTitle "GM"]
[BlackTitle "GM"]
[WhiteElo "2545"]
[BlackElo "2632"]
[WhiteFideId "4101375"]
[BlackFideId "14400030"]
[EventDate "2016.12.27"]

1. d4 Nf6 2. c4 e6 3. Nc3 Bb4 4. Qc2 Nc6 5. Nf3 d6 6. g3 O-O 7. Bg2 e5 8. d5 Ne7
9. O-O Bxc3 10. Qxc3 Ne4 11. Qc2 f5 12. b3 a5 13. Bb2 Kh8 14. Nh4 Nf6 15. f4 e4
16. Qc3 b5 17. Rad1 bxc4 18. bxc4 Rb8 19. Ba1 Ba6 20. Bh3 Rb4 21. Bxf5 Rxc4 22.
Qxa5 Qa8 23. Rc1 Rxc1 24. Rxc1 Nfxd5 25. Bg4 c5 26. Qd2 Bb7 27. Be6 Qa3 28. Rb1
Bc6 29. Rb3 Qa4 30. f5 e3 31. Qb2 Nf6 32. Nf3 Bxf3 33. exf3 d5 34. Rxe3 d4 35.
Re1 Qc6 36. Qb3 h5 37. Rc1 Rd8 38. Qd3 Qd6 39. Qc4 Qe5 40. Qxc5 Qe3+ 41. Kg2
Qe2+ 42. Kh3 Ng6 43. fxg6 Qxe6+ 44. Kh4 Qe2 45. Qf5 Qxh2+ 46. Qh3 Qxa2 47. Rc8
Qg8 48. Rxd8 Qxd8 49. Qf1 Nd5+ 50. Kxh5 d3 51. Qh3 Ne3 52. Bc3 Qd5+ 53. Kh4 Qd8+
54. Kh5 Qd5+ 55. Kh4 Nf5+ 56. Kg4+ Kg8 57. Qh7+ Kf8 58. Bb4+ Ke8 59. Kf4 Ne7 60.
Qh8+ Kd7 61. Qxg7 Qc4+ 62. Ke3 Qxb4 63. Kxd3 Qd6+ 1/2-1/2

[Event "46th Rilton Cup 2016-17"]
[Site "Stockholm SWE"]
[Date "2017.01.04"]
[Round "8.6"]
[White "Shyam, Sundar M."]
[Black "Postny, Evgeny"]
[Result "1-0"]
[WhiteTitle "GM"]
[BlackTitle "GM"]
[WhiteElo "2532"]
[BlackElo "2620"]
[WhiteFideId "5019141"]
[BlackFideId "2804344"]
[EventDate "2016.12.27"]

1. e4 c6 2. d4 d5 3. exd5 cxd5 4. Bf4 Nc6 5. c3 g6 6. Nd2 Bg7 7. Ngf3 Nf6 8. h3
O-O 9. Be2 Bf5 10. O-O Ne4 11. Re1 a6 12. Bf1 Re8 13. g4 Nxd2 14. Qxd2 Bd7 15.
Re3 b5 16. Rae1 Qb6 17. Bg2 Rac8 18. b4 Qb7 19. a3 Rcd8 20. R1e2 Bc8 21. Ne1 e6
22. Nd3 f6 23. g5 Qf7 24. Rf3 Qe7 25. h4 Qa7 26. gxf6 Bxf6 27. Bg5 Bxg5 28. hxg5
Rf8 29. Rfe3 Ne7 30. Nc5 Nf5 31. Rxe6 Bxe6 32. Nxe6 Qf7 33. Nxd8 Rxd8 34. Qf4
Nd6 35. Qxf7+ Nxf7 36. f4 Kf8 37. Re6 Nd6 38. Bxd5 Nf5 39. Bb7 Rd6 40. Rxd6 Nxd6
41. Bd5 Kg7 42. Kg2 h5 43. gxh6+ Kxh6 44. Kf3 Kh5 45. Be4 g5 46. Bd3 Kh4 47.
fxg5 Kxg5 48. d5 Kf6 49. Kf4 Ke7 50. Ke5 Kd7 51. Kd4 Kc7 52. c4 bxc4 53. Bxc4
Kb6 54. Bxa6 Kxa6 55. Kc5 Nf7 56. Kc6 Ne5+ 57. Kc7 Nc4 58. d6 Nxa3 59. d7 Nb5+
60. Kc6 1-0

[Event "46th Rilton Cup 2016-17"]
[Site "Stockholm SWE"]
[Date "2017.01.04"]
[Round "8.7"]
[White "Pavlovic, Milos"]
[Black "Blomqvist, Erik"]
[Result "1-0"]
[WhiteTitle "GM"]
[BlackTitle "GM"]
[WhiteElo "2500"]
[BlackElo "2567"]
[WhiteFideId "900389"]
[BlackFideId "1709437"]
[EventDate "2016.12.27"]

1. d4 d5 2. c4 c6 3. Nf3 Nf6 4. e3 Bg4 5. Qb3 Qb6 6. Nc3 e6 7. Nh4 Bh5 8. h3 Na6
9. g4 Qxb3 10. axb3 Nb4 11. Ke2 g5 12. gxh5 gxh4 13. Bg2 Nxh5 14. Bd2 f5 15. Ra4
b6 16. Rc1 a5 17. cxd5 exd5 18. Na2 Kd7 19. Bf3 Nxa2 20. Rxa2 Nf6 21. Rg1 Be7
22. Raa1 Rhg8 23. Rxg8 Rxg8 24. Kf1 Ke6 25. Be1 Ne4 26. Rc1 c5 27. dxc5 Bxc5 28.
Rd1 Rd8 29. Be2 Bd6 30. Rc1 Bc5 31. Rd1 Rc8 32. Ba6 Rc7 33. Bd3 Bd6 34. Ke2 Be5
35. Rb1 Rg7 36. Kf1 Nc5 37. Bc2 Bh2 38. b4 axb4 39. Bxb4 Ne4 40. Ke2 Rg2 41. Be1
Ng5 42. Rd1 Ne4 43. Bb3 Nf6 44. Rd4 Be5 45. Rxh4 Bxb2 46. Rb4 Rh2 47. Bc2 Be5
48. Rxb6+ Bd6 49. Bc3 Nh5 50. Bb4 Ng3+ 51. Ke1 1-0

[Event "46th Rilton Cup 2016-17"]
[Site "Stockholm SWE"]
[Date "2017.01.04"]
[Round "8.8"]
[White "Neiksans, Arturs"]
[Black "Akesson, Ralf"]
[Result "1/2-1/2"]
[WhiteTitle "GM"]
[BlackTitle "GM"]
[WhiteElo "2631"]
[BlackElo "2417"]
[WhiteFideId "11601388"]
[BlackFideId "1700120"]
[EventDate "2016.12.27"]

1. e4 e6 2. d4 d5 3. Nd2 dxe4 4. Nxe4 Bd7 5. Nf3 Bc6 6. Bd3 Nd7 7. O-O Ngf6 8.
Neg5 Be7 9. Nxf7 Kxf7 10. Ng5+ Kg8 11. Nxe6 Qc8 12. Re1 Bd6 13. Bg5 h6 14. Bh4
b5 15. c4 a6 16. d5 Bb7 17. c5 Bxc5 18. Bxf6 Nxf6 19. Nxc5 Bxd5 20. Bg6 Qd8 21.
Qe2 h5 22. Rad1 Rh6 23. Bf5 c6 24. a3 a5 25. Qe7 a4 26. h3 Qxe7 27. Rxe7 Re8 28.
Rde1 Rxe7 29. Rxe7 h4 30. Ra7 Nh5 31. Nd3 g6 32. Bg4 Nf6 33. Ne5 Rh7 34. Ra8+
Kg7 35. Rc8 Kh6 36. Bf3 Re7 37. Bxd5 cxd5 38. Nf3 Re2 39. Rc6 Kg7 40. Rc7+ Kh6
41. Rc6 Kg7 42. Rc7+ 1/2-1/2

[Event "46th Rilton Cup 2016-17"]
[Site "Stockholm SWE"]
[Date "2017.01.04"]
[Round "8.9"]
[White "Kazakovskiy, Valeriy"]
[Black "Antipov, Mikhail Al."]
[Result "0-1"]
[WhiteTitle "IM"]
[BlackTitle "GM"]
[WhiteElo "2430"]
[BlackElo "2580"]
[WhiteFideId "13507443"]
[BlackFideId "4107012"]
[EventDate "2016.12.27"]

1. d4 Nf6 2. Nf3 e6 3. c4 Bb4+ 4. Bd2 c5 5. Bxb4 cxb4 6. a3 Qe7 7. e3 b6 8. Be2
Bb7 9. O-O O-O 10. axb4 Qxb4 11. Na3 Nc6 12. Ne1 Qe7 13. Nd3 Rfc8 14. c5 e5 15.
dxe5 Nxe5 16. cxb6 axb6 17. Nf4 g5 18. Nh5 Nxh5 19. Bxh5 Qb4 20. Qd4 Qxd4 21.
exd4 Nd3 22. Nb5 Rxa1 23. Rxa1 Rc2 24. Nd6 Bd5 25. Nf5 Nf4 26. Bg4 Be4 27. Nd6
Bxg2 28. Bxd7 Bf3 29. h3 Ne2+ 30. Kh2 Nxd4 31. Kg3 Rxb2 32. Ra4 Rd2 33. Nc4 Rd1
34. Ne3 Rd3 35. Rb4 Bh5 36. Bg4 Bg6 37. Bc8 Nc2 38. Rxb6 Nxe3 39. fxe3 Rxe3+ 40.
Kg4 h6 0-1

[Event "46th Rilton Cup 2016-17"]
[Site "Stockholm SWE"]
[Date "2017.01.04"]
[Round "8.10"]
[White "Krishna, C R G"]
[Black "Tikkanen, Hans"]
[Result "1/2-1/2"]
[WhiteTitle "IM"]
[BlackTitle "GM"]
[WhiteElo "2390"]
[BlackElo "2531"]
[WhiteFideId "5018625"]
[BlackFideId "1706446"]
[EventDate "2016.12.27"]

1. d4 Nf6 2. Nf3 g6 3. Nc3 d5 4. Bf4 Bg7 5. e3 O-O 6. Be2 c6 7. h4 Qa5 8. Qd2 b5
9. a3 Nbd7 10. Ne5 Nxe5 11. Bxe5 h5 12. b4 Qd8 13. a4 bxa4 14. Rxa4 a5 15. O-O
Bb7 16. bxa5 Rxa5 17. Rb1 Bc8 18. Bd3 Ng4 19. Bxg7 Kxg7 20. f3 Nh6 21. Rxa5 Qxa5
22. Ne4 Qa2 23. c4 Qxd2 24. Nxd2 Bf5 25. e4 dxe4 26. fxe4 Bg4 27. Nb3 Rd8 28.
Kf2 f5 29. Ra1 Nf7 30. Ra7 fxe4 31. Bxe4 Nd6 32. Bxc6 Nxc4 33. Rxe7+ Kf6 34. Rc7
Bd1 35. Nc5 Rxd4 36. Ne4+ Ke6 37. Ng5+ Kf6 38. Rf7+ Ke5 39. Re7+ Kf5 40. Bd7+
Kf6 41. Re6+ Kg7 42. Re7+ Kf6 1/2-1/2

[Event "46th Rilton Cup 2016-17"]
[Site "Stockholm SWE"]
[Date "2017.01.04"]
[Round "8.11"]
[White "Hillarp Persson, Tiger"]
[Black "Grunberg, Mihai-Lucian"]
[Result "1/2-1/2"]
[WhiteTitle "GM"]
[BlackTitle "IM"]
[WhiteElo "2511"]
[BlackElo "2389"]
[WhiteFideId "1700812"]
[BlackFideId "1204149"]
[EventDate "2016.12.27"]

1. d4 Nf6 2. Nf3 d5 3. Bf4 e6 4. e3 c5 5. c3 Qb6 6. Qb3 c4 7. Qc2 Bd6 8. Bg3 Ne4
9. Nbd2 f5 10. b3 cxb3 11. axb3 O-O 12. Bd3 Bd7 13. Bxd6 Qxd6 14. Ne5 Nc6 15.
Ndf3 Rfc8 16. Nxc6 Bxc6 17. O-O Nf6 18. Qb2 Be8 19. c4 Qb4 20. Qa3 a5 21. Ne5 g6
22. Ra2 Qxa3 23. Rxa3 a4 24. bxa4 Rxa4 25. Rxa4 Bxa4 26. Ra1 Bc6 27. f3 dxc4 28.
Bxc4 Bd5 29. Bd3 Kf8 30. Kf2 Ke7 31. Ke2 g5 32. h3 h5 33. h4 g4 34. Kf2 Rc3 35.
Ng6+ Kd6 36. Nf4 Bc6 37. Rd1 Ba4 38. Rd2 Bc6 39. Rb2 Nd5 40. Nxd5 Bxd5 41. Bb5
gxf3 42. gxf3 f4 43. e4 Bc6 44. Bf1 Ra3 45. Bc4 Ra4 46. Bxe6 Kxe6 47. d5+ Bxd5
48. exd5+ Kxd5 49. Rxb7 Ra2+ 50. Kf1 1/2-1/2

[Event "46th Rilton Cup 2016-17"]
[Site "Stockholm SWE"]
[Date "2017.01.04"]
[Round "8.12"]
[White "Sagit, Rauan"]
[Black "Hauge, Lars Oskar"]
[Result "0-1"]
[WhiteTitle "IM"]
[BlackTitle "IM"]
[WhiteElo "2417"]
[BlackElo "2431"]
[WhiteFideId "1708376"]
[BlackFideId "1509276"]
[EventDate "2016.12.27"]

1. Nf3 c5 2. c4 Nc6 3. g3 g6 4. Bg2 Bg7 5. O-O Nh6 6. Nc3 Nf5 7. e3 O-O 8. a3 e6
9. b4 b6 10. Rb1 Rb8 11. Qa4 Bb7 12. Bb2 d5 13. bxc5 bxc5 14. cxd5 exd5 15. Ba1
d4 16. Ne4 Qe7 17. Neg5 h6 18. Nh3 g5 19. Nfxg5 hxg5 20. Bxc6 Bxc6 21. Qxc6 Rbc8
22. Qd5 Qf6 23. e4 g4 24. exf5 gxh3 25. d3 Rfe8 26. Rbe1 Qa6 27. Qf3 Kf8 28. Bb2
Qc6 29. Rxe8+ Kxe8 30. Re1+ Kd7 31. Qxc6+ Rxc6 32. Kf1 c4 33. dxc4 Rxc4 34. Rd1
Kd6 35. Rd2 Kd5 36. Ke2 Bh6 37. f4 Ke4 38. f6 Bf8 39. g4 Bd6 40. g5 Bxf4 41. g6
Bxd2 42. g7 Rc8 43. Kxd2 Ke5 44. Kd3 Kxf6 45. Bxd4+ Kg6 46. Bxa7 Kxg7 47. Ke4
Rc2 48. Bb8 Ra2 49. Bd6 Kf6 50. Kf3 Ke6 51. Bg3 Rxa3+ 52. Kg4 f5+ 0-1

[Event "46th Rilton Cup 2016-17"]
[Site "Stockholm SWE"]
[Date "2017.01.04"]
[Round "8.13"]
[White "Liang, Awonder"]
[Black "Wallace, John Paul"]
[Result "0-1"]
[WhiteTitle "IM"]
[BlackTitle "IM"]
[WhiteElo "2495"]
[BlackElo "2387"]
[WhiteFideId "2056437"]
[BlackFideId "3200957"]
[EventDate "2016.12.27"]

1. e4 c5 2. Nf3 d6 3. d4 cxd4 4. Nxd4 Nf6 5. Nc3 a6 6. Bg5 Nbd7 7. f4 Qc7 8. Qf3
b5 9. O-O-O Bb7 10. Bd3 g6 11. Rhe1 Bg7 12. Nd5 Nxd5 13. exd5 Nf6 14. Nc6 Bxc6
15. dxc6 d5 16. Qe3 Rc8 17. f5 O-O 18. Qxe7 Qxc6 19. fxg6 hxg6 20. Qb4 Nd7 21.
Be7 Rfe8 22. Qd6 Ne5 23. Qxc6 Rxc6 24. Bh4 Rce6 25. Bf1 Nc4 26. Rxe6 Rxe6 27. c3
Bh6+ 28. Kb1 Nd2+ 29. Ka1 Nxf1 30. Rxf1 Re2 31. Bf2 b4 32. Bd4 bxc3 33. bxc3
Rxg2 34. Rf2 Rxf2 35. Bxf2 f5 36. Kb2 Kf7 37. c4 dxc4 38. Kc3 Ke6 39. Kxc4 Ke5
40. Kd3 g5 41. Be3 f4 42. Bd4+ Kf5 43. h3 f3 44. Be3 Bf8 45. Bb6 g4 46. Ke3 gxh3
47. Kxf3 Bd6 48. Ba7 Ke6 49. Bd4 Kd5 50. Bf6 Kc4 51. Bg7 Kd3 52. Bf6 Kc2 53. Bd4
Bc7 54. a4 Kb3 55. a5 Bxa5 56. Kg3 Be1+ 57. Kxh3 a5 58. Kg2 a4 59. Kf1 Bc3 60.
Bc5 Bb4 61. Bd4 a3 62. Ke2 Bc3 63. Bc5 a2 0-1